| 000 | 00740nam a2200265Ia 4500 | ||
|---|---|---|---|
| 001 | 21830 | ||
| 005 | 20260320113316.0 | ||
| 008 | 260320s9999||||xx |||||||||||||| ||und|| | ||
| 020 | _a9786120099872 | ||
| 041 | _aMUL | ||
| 082 |
_a759.85 _bC27 |
||
| 100 |
_aCarpio, Ernesto del, _eAUT |
||
| 245 | 0 |
_aObra pictorica _b |
|
| 246 |
_aPictorial work _5 _b |
||
| 250 | _aPrimera edición | ||
| 260 |
_aArequipa : _bLogísticas Aqp, _c2024 |
||
| 300 |
_a246 páginas : _bilustraciones ; _c25 cm. _e |
||
| 440 |
_a _n _v |
||
| 650 | _aABD | ||
| 653 | _aDescripción obras de arte | ||
| 654 | _aCHU | ||
| 700 |
_a _c |
||
| 856 |
_uhttps://www-jstor-org.ucsp.lookproxy.com/ _zVéase además: Base de datos JSTOR |
||
| 942 |
_cLIB _dJUS _fMIP _2ddc _n |
||
| 999 |
_c21830 _d21830 |
||